=LDR 00000nam 2200000 4500 =001 INLIS000000000044553 =005 20131008110143 =008 ***********************************Ind** =035 ##$$0010-101300000002475 =041 ##$$a Ind =082 ##$$a 615.778 =090 ##$$a 615.778 , Wir c =100 ##$$a Wirakusumah, Emma S =245 ##$$a Cantik dan Bugar , Emma S. Wirakusumah =850 ##$$a NBPNMAT